[Event "74. C.to Provinciale VE"]
[Site "Marghera ITA"]
[Date "2014.01.26"]
[Round "5.4"]
[White "Ballarin, Gabriele"]
[Black "Civitareale, Alberto"]
[Result "1-0"]
[WhiteElo "1886"]
[BlackElo "1727"]
[Annotator "Gabriele Ballarin"]
[PlyCount "99"]
[EventDate "2014.01.24"]
[EventType "swiss"]
[EventRounds "1"]
[EventCountry "ITA"]
[SourceTitle "EXT 2013"]
[Source "ChessBase"]
[SourceDate "2012.11.22"]
[SourceVersion "1"]
[SourceVersionDate "2012.11.22"]
[SourceQuality "1"]

{[%mdl 8192] C54: Giuoco Piano: 4 c3 Cf6, linee principali con 5 d4 e 5 d3} 1. e4 e5 2. Nf3 Nc6 3. Bc4 Bc5 4. c3 Nf6 5. d3 O-O 6. Bb3 d6 7. h3 h6 8. Nbd2 Re8 {Ultima mossa libro} 9. Nf1 d5 10. Qe2 (10. Ng3 dxe4 11. Nxe4 Qe7 $11) 10... dxe4 11. dxe4 a6 (11... a5 12. Ng3 a4 13. Bc4 $15) 12. g4 (12. Ng3 Qd6 $11) 12... Nh7 (12... Qd6 $5 $15) 13. Ng3 Be6 {Il Nero può attaccare sull'ala di re} 14. Bc2 {Il Nero ha una posizione attiva} (14. Bxe6 fxe6 15. b4 Bb6 $11) 14... Be7 (14... Qf6 15. Nf5 $11) 15. Nf5 $11 (15. Be3 {[%emt 0:00:00]} Ng5 {[%emt 0:00:00]} 16. Rd1 {[%emt 0:00:00]}) 15... Bxf5 (15... Ng5 16. h4 Nxf3+ 17. Qxf3 Bxf5 18. gxf5 $14) 16. gxf5 $14 {Il Bianco ha la coppia degli alfieri} Ng5 17. Bd2 (17. Nh2 $5 Nh7 (17... Nxh3 18. Qg4 {[%emt 0:00:00]} (18. Ng4 Nf4 19. Bxf4 exf4 20. Nxh6+ gxh6 21. Rxh6) 18... Nf4 {[%emt 0:00:00]} 19. Bd2 {[%emt 0:00:00]} Qd6 {[%emt 0:00:00]} 20. O-O-O {[%emt 0:00:00]} h5 {[%emt 0:00:00]} 21. Qf3 {[%emt 0:00:00]}) 18. Rg1 $16) 17... Nxf3+ $11 18. Qxf3 Bg5 19. O-O-O Qf6 20. Rhg1 (20. Bxg5 Qxg5+ (20... hxg5 $2 21. Rdg1 $18) 21. Kb1 Rad8 $14) 20... Bxd2+ $11 21. Rxd2 Rad8 22. Re2 (22. Rd3 {[%emt 0:00:00]}) 22... Rd6 23. Rg4 Ne7 (23... Na5 24. Re1 Kh7 25. Reg1 $11) 24. Bb3 (24. Qg3 {[%emt 0:00:00]} h5 {[%emt 0:00:00]} 25. Rg5 {[%emt 0:00:00]} Qh6 {[%emt 0:00:00]}) 24... b5 25. Qe3 Red8 (25... Kh8 $11) 26. Qg3 (26. f4 $5 Kf8 27. Qg1 $14) 26... c5 (26... Kf8 $142 $15) 27. f3 $4 {Il Bianco ha così perso l'iniziativa} (27. f4 $142 $5 {dovrebbe essere investigata più a fondo} Rd3 28. fxe5 Rxg3 29. exf6 Rxg4 30. hxg4 gxf6 31. Rd2 Rxd2 32. Kxd2 $14) 27... c4 {Il Nero minaccia di guadagnare materiale: c4xb3} (27... h5 $142 {un peccato che il Nero non abbia tentato questa} 28. Rh4 Qh6+ 29. f4 Rd3 $19) 28. Bc2 $15 g6 $4 {una mossa imprecisa} (28... h5 $142 {avrebbe tenuto} 29. Rh4 Qh6+ 30. f4 b4 $15) 29. f4 $18 Nc6 30. fxg6 fxg6 31. f5 Ne7 32. Rg2 Kh7 33. h4 (33. Rf2 Qg7 $18) 33... R8d7 (33... Rg8 34. Qf2 $16) 34. Rg1 (34. Qe1 Rd8 $18) 34... a5 (34... Rd8 35. fxg6+ Kg7 36. h5 $18) 35. Rf1 gxf5 (35... Kh8 36. Qe3 gxf5 37. exf5 $18) 36. exf5 Kh8 37. Qf3 (37. Re1 Rd5 $18) 37... Rd8 38. Rfg1 Rg8 $2 (38... b4 $18) 39. Rxg8+ Nxg8 40. Rg6 (40. Qa8 $142 {ed il Bianco ha prevalso} Qd8 (40... Rd8 {[%emt 0:00:00]} 41. Qxa5 {[%emt 0:00:00]}) 41. Qb7 $18) 40... Qe7 41. h5 (41. Rg4 Nf6 42. Rg1 $18) 41... Qd8 $2 (41... Rxg6 $142 $5 {ed il Nero avrebbe potuto sperare di giocare ancora} 42. hxg6 {[%emt 0:00:00]} (42. fxg6 Kg7 $16)) 42. b3 (42. Rg1 Nf6 43. Qe2 Nd7 $18) 42... Qf8 $2 (42... Qe7 43. Qa8 Rxg6 44. hxg6 cxb3 45. axb3 $18 (45. Bxb3 $6 Qg5+ 46. Kd1 Qg1+ 47. Kd2 Qf2+ 48. Kc1 Qe3+ 49. Kc2 Qf2+ 50. Kb1 Qe1+ 51. Kb2 Qd2+ 52. Bc2 b4 $11)) 43. Qb7 Rxg6 (43... cxb3 44. Bxb3 Rxg6 45. hxg6 $18) 44. hxg6 Ne7 (44... Qe7 {non c'è salvezza comunque} 45. Qxb5 cxb3 46. Bxb3 $18) 45. Qxb5 Nxf5 (45... Qf6 {che altro?} 46. Qxc4 Kg7 $18) 46. Qxe5+ Ng7 47. Qxa5 (47. Kb2 $142 {ed il Bianco intravvede una facile vittoria} Kg8 $18) 47... cxb3 48. axb3 Nf5 (48... Qe7 {sperando contro ogni speranza} 49. b4 Ne8 $18) 49. Bxf5 Qxf5 50. Qxf5 (50. Qxf5 Kg7 51. Qf7+ Kh8 52. Qf8#) 1-0

[Event "74. C.to Provinciale VE"]
[Site "Marghera ITA"]
[Date "2014.01.26"]
[Round "5.5"]
[White "Milan, Maurizio"]
[Black "Guidobene, Davide"]
[Result "1-0"]
[WhiteElo "1509"]
[BlackElo "1798"]
[Annotator "Gabriele Ballarin"]
[PlyCount "53"]
[EventDate "2014.01.24"]
[EventType "swiss"]
[EventRounds "1"]
[EventCountry "ITA"]
[SourceTitle "EXT 2013"]
[Source "ChessBase"]
[SourceDate "2012.11.22"]
[SourceVersion "1"]
[SourceVersionDate "2012.11.22"]
[SourceQuality "1"]

1. d4 Nf6 2. Bg5 d5 3. Nf3 Ne4 4. Bf4 e6 5. e3 Be7 6. Bd3 O-O 7. Nbd2 f5 8. h4 c5 9. c3 b6 10. h5 Ba6 11. Bxa6 Nxa6 12. Nxe4 fxe4 13. Ne5 Rc8 14. Qe2 Nb8 15. Ng6 Rf5 16. g4 Rf7 17. Ne5 Rf8 18. Ng6 hxg6 19. hxg6 Rf6 20. g5 Rxg6 21. Rh8+ Kxh8 22. Qh5+ Rh6 23. gxh6 Qe8 24. hxg7+ Kxg7 25. Qh6+ Kf7 26. Qh7+ Kf6 27. Be5+ 1-0

[Event "74. C.to Provinciale VE"]
[Site "Marghera ITA"]
[Date "2014.01.26"]
[Round "5.6"]
[White "Polese, Marco"]
[Black "Fornaro, Massimo"]
[Result "1-0"]
[WhiteElo "1915"]
[BlackElo "1440"]
[Annotator "Gabriele Ballarin"]
[PlyCount "99"]
[EventDate "2014.01.24"]
[EventType "swiss"]
[EventRounds "1"]
[EventCountry "ITA"]
[SourceTitle "EXT 2013"]
[Source "ChessBase"]
[SourceDate "2012.11.22"]
[SourceVersion "1"]
[SourceVersionDate "2012.11.22"]
[SourceQuality "1"]

1. c4 c6 2. g3 g6 3. Bg2 Bg7 4. d4 Nf6 5. Nc3 Na6 6. e4 O-O 7. Nge2 d6 8. O-O c5 9. d5 Nd7 10. f4 Nb4 11. a3 (11. Nb5 Qb6 12. Rb1 Qxb5) 11... Na6 12. Nb5 Qb6 13. Rb1 Nc7 14. Nbc3 Ne8 15. Be3 Qc7 16. b4 cxb4 17. Rxb4 a5 18. Nb5 Qb8 (18... Qb6) 19. Rb1 a4 20. Rb4 Nc5 21. Bxc5 dxc5 22. Rxa4 Rxa4 23. Qxa4 Bd7 (23... Nc7 24. Qa7) 24. e5 Bxb5 25. Qxb5 Nc7 26. Qd7 Rd8 27. Qxe7 Bf8 28. Qf6 Ne8 29. Qb6 Qc7 30. Qb5 b6 31. Rd1 Qa7 32. a4 Nc7 33. Qc6 Na6 34. d6 Nb4 35. Qb5 Nc2 36. Be4 Nb4 37. Nc3 Kg7 38. Nd5 Nxd5 39. Bxd5 f5 40. Ra1 Qa5 41. Qxa5 bxa5 42. Rb1 Kh6 43. Rb5 g5 44. Rxc5 (44. Rxa5) 44... gxf4 45. gxf4 Kh5 46. Bf3+ Kg6 47. Kf2 h5 48. Rxa5 h4 49. c5 h3 50. c6 1-0

[Event "74. C.to Provinciale VE"]
[Site "Marghera ITA"]
[Date "2014.01.26"]
[Round "5.7"]
[White "Jabara, Marco"]
[Black "Latella, Tommaso"]
[Result "1/2-1/2"]
[WhiteElo "1440"]
[BlackElo "1425"]
[Annotator "Gabriele Ballarin"]
[PlyCount "56"]
[EventDate "2014.01.24"]
[EventType "swiss"]
[EventRounds "1"]
[EventCountry "ITA"]
[SourceTitle "EXT 2013"]
[Source "ChessBase"]
[SourceDate "2012.11.22"]
[SourceVersion "1"]
[SourceVersionDate "2012.11.22"]
[SourceQuality "1"]

1. e4 d6 2. d4 Nf6 3. Nc3 g6 4. f3 Bg7 5. Bc4 c6 6. Nge2 b5 7. Bd3 Na6 8. a3 Nc7 9. Be3 a6 10. Qd2 h6 11. b4 Bb7 12. Ng3 e5 13. dxe5 dxe5 14. Rd1 Ne6 15. Nce2 Qe7 16. O-O c5 17. bxc5 Nxc5 18. Qa5 Kf8 19. Nc1 Nxd3 20. Nxd3 Kg8 21. Nc5 Kh7 22. Rd2 Rhc8 23. Qb4 Rc6 24. Nd7 Qxb4 25. axb4 Re8 26. Rfd1 Bc8 27. Nxf6+ Bxf6 28. Bc5 Be6 1/2-1/2

[Event "74. C.to Provinciale VE"]
[Site "Marghera ITA"]
[Date "2014.01.26"]
[Round "5.8"]
[White "Anoè, Lorenzo"]
[Black "Barbieri, Lorenzo"]
[Result "0-1"]
[WhiteElo "1440"]
[BlackElo "1824"]
[Annotator "Gabriele Ballarin"]
[PlyCount "42"]
[EventDate "2014.01.24"]
[EventType "swiss"]
[EventRounds "1"]
[EventCountry "ITA"]
[SourceTitle "EXT 2013"]
[Source "ChessBase"]
[SourceDate "2012.11.22"]
[SourceVersion "1"]
[SourceVersionDate "2012.11.22"]
[SourceQuality "1"]

1. Nf3 d5 2. d4 Nf6 3. e3 e6 4. Bd3 c5 5. b3 Nc6 6. Bb2 Bd6 7. Ne5 Qb6 8. c4 cxd4 (8... dxc4 9. Nxc6 bxc6) 9. Nxc6 bxc6 10. exd4 c5 11. dxc5 Bxc5 12. O-O d4 13. Ba3 Bxa3 14. Nxa3 Bb7 15. Re1 O-O 16. Nc2 Rad8 17. b4 Qd6 18. c5 Qf4 19. h3 Rd5 20. g3 Rg5 21. Re2 Qf3 0-1

[Event "74. C.to Provinciale VE"]
[Site "Marghera ITA"]
[Date "2014.01.26"]
[Round "5.9"]
[White "Bertaggia, Mirco"]
[Black "Nardin, Loris"]
[Result "1-0"]
[WhiteElo "1440"]
[BlackElo "1440"]
[Annotator "Gabriele Ballarin"]
[PlyCount "93"]
[EventDate "2014.01.24"]
[EventType "swiss"]
[EventRounds "1"]
[EventCountry "ITA"]
[SourceTitle "EXT 2013"]
[Source "ChessBase"]
[SourceDate "2012.11.22"]
[SourceVersion "1"]
[SourceVersionDate "2012.11.22"]
[SourceQuality "1"]

1. e4 d6 2. d4 Nf6 3. Nc3 g6 4. Be3 Bg7 5. f3 O-O 6. Qd2 Re8 7. Bh6 Bh8 8. Bc4 c6 9. O-O-O b5 10. Bb3 a5 11. a4 Bd7 12. e5 bxa4 13. Bxa4 Nh5 14. g4 Ng7 15. Nh3 d5 16. Nf2 e6 17. h4 Na6 18. Bg5 Qb6 19. h5 Reb8 20. Bb3 c5 21. dxc5 Nxc5 22. Qd4 Nxb3+ 23. cxb3 Qxb3 24. Rd2 a4 25. Rc2 a3 26. bxa3 Rxa3 27. Kd2 Rb4 28. Qc5 Rc4 29. Qe7 Ba4 30. Rhc1 Rxc3 31. Rxc3 Ra2+ 32. Ke1 Qb5 33. Rc8+ Ne8 34. Rxe8+ Qxe8 35. Qxe8+ Bxe8 36. Rc8 Kf8 37. Bh6+ Ke7 38. Bg5+ Kf8 39. f4 gxh5 40. gxh5 Bg7 41. h6 Bh8 42. Rd8 f6 43. exf6 Kf7 44. Ng4 Rg2 45. Ne5+ Kf8 46. f7 Bxe5 47. fxe8=Q# 1-0

[Event "74. C.to Provinciale VE"]
[Site "Marghera ITA"]
[Date "2014.01.26"]
[Round "5.10"]
[White "Restifo Pecorella, Marco"]
[Black "Settimo, Silvia"]
[Result "1-0"]
[WhiteElo "1440"]
[BlackElo "1440"]
[Annotator "Gabriele Ballarin"]
[PlyCount "82"]
[EventDate "2014.01.24"]
[EventType "swiss"]
[EventRounds "1"]
[EventCountry "ITA"]
[SourceTitle "EXT 2013"]
[Source "ChessBase"]
[SourceDate "2012.11.22"]
[SourceVersion "1"]
[SourceVersionDate "2012.11.22"]
[SourceQuality "1"]

1. e4 e6 2. d4 d5 3. Nd2 c5 4. c3 Nc6 5. Bb5 a6 6. Bxc6+ bxc6 7. e5 cxd4 8. cxd4 Qa5 9. Ngf3 c5 10. Qc2 Nh6 11. O-O Qb6 12. Qc3 Nf5 13. Qb3 Rb8 14. Qxb6 Rxb6 15. Nb3 Be7 16. Rd1 cxd4 17. Nbxd4 Nxd4 18. Nxd4 O-O 19. b3 f6 20. f4 fxe5 21. fxe5 Bc5 22. Be3 Bxd4 23. Bxd4 Rb4 24. Bc5 Re4 25. Bxf8 Kxf8 26. Rf1+ Kg8 27. Rae1 a5 28. Rxe4 dxe4 29. Re1 Bb7 30. Kf2 Kf7 31. Ke3 Kg6 32. Kf4 h6 33. Rc1 Bd5 34. Rc5 e3 35. Kxe3 Bxg2 36. Rxa5 Bd5 37. b4 Kf5 38. Kd4 g5 39. Rxd5 exd5 40. Kxd5 Kf4 41. e6 h5 1-0

[Event "74. C.to Provinciale VE"]
[Site "Marghera ITA"]
[Date "2014.01.26"]
[Round "5.11"]
[White "Mastrogiovanni, Giulio"]
[Black "Maggiolo, Italo"]
[Result "1-0"]
[WhiteElo "1509"]
[BlackElo "1440"]
[Annotator "Gabriele Ballarin"]
[PlyCount "87"]
[EventDate "2014.01.24"]
[EventType "swiss"]
[EventRounds "1"]
[EventCountry "ITA"]
[SourceTitle "EXT 2012"]
[Source "ChessBase"]
[SourceDate "2011.11.24"]
[SourceVersion "1"]
[SourceVersionDate "2011.11.24"]
[SourceQuality "1"]

1. e4 b6 2. d4 e6 3. a3 Bb7 4. Nc3 g6 5. Nf3 Nf6 6. Bd3 d6 7. O-O Bg7 8. Be3 Nbd7 9. Qd2 Qe7 10. Bh6 Bxh6 11. Qxh6 Qf8 12. Qxf8+ Rxf8 13. Nb5 Kd8 14. Nc3 Rc8 15. Nd2 c5 16. Nb5 Ba6 17. dxc5 Rxc5 18. Nxd6 Bxd3 19. cxd3 Rc2 20. Nb3 Rxb2 21. Rab1 Rxb1 22. Rxb1 Ke7 23. Nc4 Rc8 24. f4 Ne8 25. e5 f6 26. Rc1 Rd8 27. d4 f5 28. a4 Rb8 29. a5 b5 30. Ne3 Kd8 31. Kf2 Rc8 32. Rxc8+ Kxc8 33. Kg3 Kd8 34. Kh4 Ke7 35. Kg5 Kf7 $2 $11 36. Kh6 Kg8 37. d5 Ng7 38. d6 Nh5 39. g3 Ng7 40. Nc2 Ne8 41. Ncd4 a6 42. Nxe6 Kf7 43. Nc7 Ng7 44. Nxa6 1-0

[Event "1.Open A Del Santo A"]
[Site "Padova"]
[Date "2014.02.14"]
[Round "1.1"]
[White "Collutiis, Duilio"]
[Black "Simonetto, Adriano"]
[Result "1-0"]
[WhiteElo "2474"]
[BlackElo "2055"]
[Annotator "Gabriele Ballarin"]
[PlyCount "53"]
[EventDate "2014.02.14"]
[EventType "swiss"]
[EventRounds "5"]
[EventCountry "ITA"]

1. g3 d5 2. Nf3 Nf6 3. Bg2 c5 4. c4 Nc6 5. cxd5 Nxd5 6. Nc3 Nxc3 7. bxc3 g6 8. Qa4 Bd7 9. Rb1 Qc7 10. Qb3 b6 11. d4 Na5 12. Qd1 Rd8 13. Bf4 Qc8 14. O-O Bg7 15. Ne5 O-O 16. Nxd7 Rxd7 17. d5 Bxc3 18. Qc2 Bg7 19. Bh3 f5 20. e4 Rdd8 21. Rbe1 Nb7 22. exf5 gxf5 23. Rxe7 Nd6 24. Rfe1 Rd7 25. R1e6 Rxe7 26. Rxe7 Ne4 27. Rxe4 1-0

[Event "1.Open A Del Santo A"]
[Site "Padova"]
[Date "2014.02.14"]
[Round "1.2"]
[White "Innocenti, Giovanni"]
[Black "Solomon, Kenny"]
[Result "1/2-1/2"]
[WhiteElo "2083"]
[BlackElo "2215"]
[Annotator "Gabriele Ballarin"]
[PlyCount "102"]
[EventDate "2014.02.14"]
[EventType "swiss"]
[EventRounds "5"]
[EventCountry "ITA"]

1. e4 d6 2. d4 Nf6 3. Nc3 g6 4. g3 Bg7 5. Bg2 O-O 6. Nge2 Na6 7. h3 c5 8. Be3 cxd4 9. Bxd4 Qa5 10. O-O Qh5 11. Bxf6 Bxf6 12. Nd5 Bxb2 13. Nxe7+ Kh8 14. Rb1 Qe5 15. Qd5 Qxe7 16. Rxb2 Nc5 17. Rd1 Rd8 18. e5 Bf5 19. exd6 Qxe2 20. Bf3 Rxd6 21. Bxe2 Rxd5 22. Rxd5 Rc8 23. Bg4 Bxg4 24. hxg4 b6 25. c4 Kg7 26. g5 Rc7 27. Re2 h6 28. gxh6+ Kxh6 29. Kg2 Kg7 30. f4 Na4 31. Rd4 Nc5 32. g4 Ne6 33. Rde4 g5 34. fxg5 Nxg5 35. Re5 Kg6 36. Rc2 Ne6 37. Kf1 Rc8 38. Ke1 Nd4 39. Rc3 Rh8 40. Re7 Rh1+ 41. Kf2 Rh2+ 42. Kg3 Rxa2 43. Rd3 Ne6 44. Rdd7 Ra3+ 45. Kf2 Rc3 46. Rxa7 Rxc4 47. Rxf7 Rxg4 48. Rfb7 Rb4 49. Ra6 Rb2+ 50. Ke3 Rb3+ 51. Kd2 Kf5 1/2-1/2

[Event "1.Open A Del Santo A"]
[Site "Padova"]
[Date "2014.02.14"]
[Round "1.3"]
[White "Del Monaco, Andrea"]
[Black "Trangoni, Bruno"]
[Result "1-0"]
[WhiteElo "2297"]
[BlackElo "2011"]
[Annotator "Gabriele Ballarin"]
[PlyCount "71"]
[EventDate "2014.02.14"]
[EventType "swiss"]
[EventRounds "5"]
[EventCountry "ITA"]

1. d4 g6 2. Nf3 Bg7 3. c4 d6 4. Nc3 Nd7 5. e4 e5 6. Be2 Ne7 7. O-O O-O 8. Re1 h6 9. Bf1 Kh7 10. b3 a6 11. dxe5 Nxe5 12. Nxe5 dxe5 13. Ba3 Qxd1 14. Rexd1 Re8 15. Rac1 Nc6 16. Nd5 Rg8 17. Nxc7 Rb8 18. Bd6 b6 19. c5 b5 20. a4 Nd4 21. axb5 axb5 22. b4 Rb7 23. c6 Rb6 24. Nd5 Rxc6 25. Rxc6 Nxc6 26. Bxb5 Nd4 27. Bf1 Bb7 28. b5 Rd8 29. Bc7 Ra8 30. f3 Ra2 31. b6 f5 32. Bc4 Ra4 33. Bd3 fxe4 34. Bxe4 Ne2+ 35. Kf1 Ra2 36. Nb4 1-0

[Event "1.Open A Del Santo A"]
[Site "Padova"]
[Date "2014.02.14"]
[Round "1.4"]
[White "Ravagnani, Tiziano"]
[Black "Xia, Jie"]
[Result "0-1"]
[WhiteElo "2008"]
[BlackElo "2274"]
[Annotator "Gabriele Ballarin"]
[PlyCount "44"]
[EventDate "2014.02.14"]
[EventType "swiss"]
[EventRounds "5"]
[EventCountry "ITA"]

1. e4 c5 2. Nf3 d6 3. d4 cxd4 4. Nxd4 Nf6 5. Nc3 g6 6. Be3 Bg7 7. f3 O-O 8. Bc4 Nc6 9. Qd2 Bd7 10. O-O-O Rc8 11. Bb3 Nxd4 12. Bxd4 b5 13. e5 dxe5 14. Bxe5 Bc6 15. Qe3 Qa5 16. Bxf6 Bxf6 17. Nd5 Bxd5 18. Rxd5 Rfd8 19. Rhd1 Rxd5 20. Rxd5 Rd8 21. a3 Rxd5 22. Bxd5 Bg5 $1 0-1

[Event "1.Open A Del Santo A"]
[Site "Padova"]
[Date "2014.02.14"]
[Round "1.5"]
[White "Brun, Dario"]
[Black "Barp, Alberto"]
[Result "1-0"]
[WhiteElo "2262"]
[BlackElo "2005"]
[Annotator "Gabriele Ballarin"]
[PlyCount "59"]
[EventDate "2014.02.14"]
[EventType "swiss"]
[EventRounds "5"]
[EventCountry "ITA"]

1. d4 d5 2. c4 c6 3. Nf3 Nf6 4. Nc3 a6 5. a4 e6 6. Bg5 Be7 7. e3 O-O 8. Bd3 b6 9. O-O Bb7 10. Qb3 Nbd7 11. c5 b5 12. Rfc1 Re8 13. h3 e5 14. Nxe5 Nxe5 15. dxe5 Nd7 16. Bxe7 Qxe7 17. Qc2 h6 18. axb5 axb5 19. Rxa8 Bxa8 20. Ne2 Nxe5 21. Nd4 Nc4 22. Nf5 Qa7 23. b3 Ne5 24. Qc3 b4 25. Qd4 Qa3 26. Ra1 Qxb3 27. Ne7+ Kf8 28. Qxe5 Qxd3 29. Qd6 b3 30. Nxd5+ 1-0

[Event "1.Open A Del Santo A"]
[Site "Padova"]
[Date "2014.02.14"]
[Round "1.6"]
[White "De Napoli, Giuseppe"]
[Black "Sbarra, Marco"]
[Result "0-1"]
[WhiteElo "2003"]
[BlackElo "2261"]
[Annotator "Gabriele Ballarin"]
[PlyCount "64"]
[EventDate "2014.02.14"]
[EventType "swiss"]
[EventRounds "5"]
[EventCountry "ITA"]

1. d4 Nf6 2. Bf4 d5 3. e3 g6 4. Be2 Bg7 5. Nd2 O-O 6. h4 h5 7. f3 Nc6 8. g4 Re8 9. Be5 hxg4 10. fxg4 Nxe5 11. dxe5 Nh7 12. h5 Nf8 13. Bd3 Bxe5 14. Qf3 Bxb2 15. hxg6 Nxg6 16. Bxg6 fxg6 17. Qh3 Qd6 18. Ne2 Bxg4 19. Qxg4 Bxa1 20. c3 e5 21. Qh3 Kf7 22. Qh7+ Ke6 23. Qxg6+ Kd7 24. Qf5+ Qe6 25. Qb1 Rh8 26. Rg1 Rag8 27. Rf1 Rg2 28. Nf3 Rxe2+ 29. Kxe2 Bxc3 30. Qxb7 e4 31. Qxa7 exf3+ 32. Rxf3 Qg4 0-1

[Event "1.Open A Del Santo A"]
[Site "Padova"]
[Date "2014.02.14"]
[Round "1.7"]
[White "Patelli, Alessandro"]
[Black "Altieri, Danilo Mario"]
[Result "1-0"]
[WhiteElo "2216"]
[BlackElo "1978"]
[Annotator "Gabriele Ballarin"]
[PlyCount "43"]
[EventDate "2014.02.14"]
[EventType "swiss"]
[EventRounds "5"]
[EventCountry "ITA"]

1. d4 d5 2. c4 e6 3. Nc3 f5 4. Nf3 c6 5. g3 Bd6 6. Bg2 Nd7 7. O-O Ngf6 8. Qc2 O-O 9. Rb1 Ne4 10. b4 h6 11. b5 g5 12. Nd2 Ndf6 13. Ndxe4 Nxe4 14. Nxe4 fxe4 15. f3 Qf6 16. Be3 exf3 17. Rxf3 Qg7 18. Rxf8+ Bxf8 19. bxc6 bxc6 20. cxd5 cxd5 21. Qc6 Qg6 22. Rb3 1-0

[Event "1.Open A Del Santo A"]
[Site "Padova"]
[Date "2014.02.14"]
[Round "1.8"]
[White "Caldonazzo, Matteo"]
[Black "Zamengo, Fulvio"]
[Result "0-1"]
[WhiteElo "1940"]
[BlackElo "2149"]
[Annotator "Gabriele Ballarin"]
[PlyCount "162"]
[EventDate "2014.02.14"]
[EventType "swiss"]
[EventRounds "5"]
[EventCountry "ITA"]

1. Nf3 g6 2. d4 Bg7 3. e4 c6 4. Bd3 d6 5. O-O Bg4 6. c3 Nd7 7. Be3 Ngf6 8. Nbd2 O-O 9. h3 Bxf3 10. Nxf3 e5 11. Qc2 Re8 12. Rfe1 Qc7 13. Rad1 Rad8 14. Bg5 a6 15. b4 h6 16. Be3 d5 17. dxe5 dxe4 18. exf6 exd3 19. Rxd3 Nxf6 20. Rxd8 Rxd8 21. Bd4 Nd5 22. Bxg7 Kxg7 23. c4 Nf6 24. Rd1 Re8 25. Qd3 Re4 26. Nd2 Re6 27. Nf3 c5 28. a3 Re4 29. Re1 Rxe1+ 30. Nxe1 Qe5 31. Nc2 Ne4 32. Qe3 Qf5 33. bxc5 Nxc5 34. Qd4+ Kh7 35. Ne3 Qg5 36. Nd5 Ne6 37. Qf6 Qxf6 38. Nxf6+ Kg7 39. Ne8+ Kf8 40. Nd6 Nc5 41. Kf1 Ke7 42. Nc8+ Ke6 43. Ke2 Na4 44. c5 Kd7 45. Nd6 f6 46. Nxb7 Kc6 47. Nd8+ Kxc5 48. Kd3 Kd5 49. Nf7 h5 50. Nh8 g5 51. Kc2 Nc5 52. Nf7 Ke6 53. Nd8+ Kd7 54. Nf7 Ke7 55. Nh6 Ke6 56. f3 Ke5 57. g3 Kd4 58. Nf5+ Ke5 59. Ne3 f5 60. Ng2 Kd4 61. h4 Ne6 62. Kd2 gxh4 63. Nxh4 f4 64. gxf4 Nxf4 65. Nf5+ Ke5 66. Ng3 h4 67. Nf1 Nd5 68. Kd3 Kf4 69. Kd4 Nf6 70. Kc5 Kxf3 71. Kb6 Ke2 72. Nh2 Kf2 73. Kxa6 Kg2 74. Kb6 Kxh2 75. a4 Kg3 76. a5 h3 77. a6 h2 78. Kc7 h1=Q 79. Kb8 Qc6 80. Ka7 Nd5 81. Kb8 Qc7+ 0-1

[Event "1.Open A Del Santo A"]
[Site "Padova"]
[Date "2014.02.14"]
[Round "1.9"]
[White "Santolini, Luigi"]
[Black "Baruzzo, Fabio"]
[Result "1-0"]
[WhiteElo "2123"]
[BlackElo "1912"]
[Annotator "Gabriele Ballarin"]
[PlyCount "87"]
[EventDate "2014.02.14"]
[EventType "swiss"]
[EventRounds "5"]
[EventCountry "ITA"]

1. d4 f5 2. Nf3 Nf6 3. g3 e6 4. Bg2 d5 5. O-O Bd6 6. c4 c6 7. b3 Qe7 8. Qc2 O-O 9. Bf4 Bxf4 10. gxf4 Bd7 11. Ne5 Nh5 12. e3 Be8 13. Nd2 Nd7 14. Nd3 g5 15. fxg5 Qxg5 16. cxd5 exd5 17. f4 Qe7 18. Rae1 Kh8 19. Nf3 Nhf6 20. Nde5 Ne4 21. Nxd7 Bxd7 22. Ne5 Be6 23. Bxe4 fxe4 24. Kh1 Bh3 25. Rg1 Rg8 26. Qf2 Qe8 27. Qh4 Bf5 28. Qh5 Rg6 29. Nxg6+ Bxg6 30. Qe5+ Qxe5 31. fxe5 Rf8 32. Ref1 Rf3 33. Rxf3 exf3 34. Rxg6 hxg6 35. b4 g5 36. h3 Kg7 37. Kg1 Kg6 38. Kf2 Kf5 39. Kxf3 b6 40. Kg3 a5 41. bxa5 bxa5 42. a4 c5 43. dxc5 Kxe5 44. Kg4 1-0

[Event "1.Open A Del Santo A"]
[Site "Padova"]
[Date "2014.02.14"]
[Round "1.10"]
[White "Zanchetta, Nicola"]
[Black "Lodici, Lorenzo"]
[Result "0-1"]
[WhiteElo "1908"]
[BlackElo "2122"]
[Annotator "Gabriele Ballarin"]
[PlyCount "80"]
[EventDate "2014.02.14"]
[EventType "swiss"]
[EventRounds "5"]
[EventCountry "ITA"]

1. e4 c5 2. d4 cxd4 3. c3 dxc3 4. Nxc3 Nc6 5. Nf3 d6 6. Bc4 a6 7. O-O Nf6 8. e5 dxe5 9. Qb3 e6 10. Rd1 Bd7 11. Qc2 Qc7 12. Bg5 Be7 13. Rac1 O-O 14. Ne4 Nxe4 15. Qxe4 f6 16. Bd3 f5 17. Qh4 Bxg5 18. Nxg5 h6 19. Nh3 Qd8 20. Qh5 Qe7 21. Bc4 Rad8 22. Qg6 Kh8 23. f4 e4 24. Rxd7 Rxd7 25. Ng5 hxg5 26. Qh5+ Kg8 27. fxg5 Rfd8 28. g6 Qf6 29. Rf1 Ne7 30. g4 Qd4+ 31. Kg2 Qxc4 32. Qh7+ Kf8 33. Qh8+ Ng8 34. gxf5 Rd2+ 35. Kg1 Rd1 36. Qxg7+ Kxg7 37. f6+ Kxg6 38. f7 Rxf1+ (38... Qxf1#) 39. Kg2 Rd2+ 40. Kg3 Qd3+ 0-1

[Event "1.Open A Del Santo A"]
[Site "Padova"]
[Date "2014.02.15"]
[Round "2.2"]
[White "Zamengo, Fulvio"]
[Black "Del Monaco, Andrea"]
[Result "1/2-1/2"]
[WhiteElo "2149"]
[BlackElo "2297"]
[Annotator "Gabriele Ballarin"]
[PlyCount "149"]
[EventDate "2014.02.14"]
[EventType "swiss"]
[EventRounds "5"]
[EventCountry "ITA"]

1. e4 c5 2. Nf3 e6 3. d4 cxd4 4. Nxd4 a6 5. Bd3 Qb6 6. Nb3 Qc7 7. O-O Nf6 8. f4 d6 9. a4 b6 10. Nc3 Nbd7 11. Qf3 Bb7 12. Qg3 g6 13. Bd2 Be7 14. Rae1 h5 15. h3 h4 16. Qe3 Nc5 17. Nd4 Rd8 18. b4 Nxd3 19. cxd3 d5 20. e5 Nh5 21. Rc1 Qd7 22. Nce2 Qxa4 23. Rc7 Rd7 24. Rfc1 Bd8 25. R7c2 Ng3 26. Nxg3 hxg3 27. Qxg3 Re7 28. f5 exf5 29. e6 f4 30. Bxf4 Qxb4 31. Be5 Rh7 32. Qg4 b5 33. Re2 Bb6 34. Kh2 Rxe6 35. Rce1 Rh5 36. Bf6 Bc7+ 37. Kg1 Qxe1+ 38. Rxe1 Rxe1+ 39. Kf2 Ree5 40. Bxe5 Bxe5 41. Nf3 Bf6 42. Qf4 Bd8 43. Qb8 Bc6 44. Qd6 Bd7 45. Qxa6 Rf5 46. Qd6 Be7 47. Qb8+ Bd8 48. Qd6 Be7 49. Qb6 Bd8 50. Qd4 Bf6 51. Qe3+ Kf8 52. Qa7 Be8 53. d4 Kg7 54. Ke3 g5 55. Qb8 Rf4 56. Qxe8 Re4+ 57. Qxe4 dxe4 58. Kxe4 b4 59. Kd3 Be7 60. Kc4 Kf6 61. g4 Ke6 62. Ne5 Bf6 63. Nd3 Be7 64. Nxb4 f5 65. d5+ Kf6 66. Nc6 Bd6 67. Kd4 Ba3 68. Kd3 Bc5 69. Kc4 Ba3 70. Kd4 Bd6 71. Na5 Bb8 72. Nc4 Ba7+ 73. Kd3 Bc5 74. Ne3 fxg4 75. hxg4 1/2-1/2